Central Library OPAC University of Rajshahi

Purchasing power and trade depression a critique of under-consumption theories ; (Record no. 46781)

MARC details
000 -LEADER
fixed length control field 00639nam a2200217 a 4500
001 - CONTROL NUMBER
control field 46781
003 - CONTROL NUMBER IDENTIFIER
rucl marc code BD-RjUL
005 - DATE AND TIME OF LATEST TRANSACTION
control field 20211209054214.0
008 - FIXED-LENGTH DATA ELEMENTS--GENERAL INFORMATION
fixed length control field 160804s1933 enk||||| |||| 001 0 eng d
035 ## - SYSTEM CONTROL NUMBER
System control number (BD-RjUL)46900
040 ## - CATALOGING SOURCE
Original cataloging agency BD-RjUL
Language of cataloging eng
Transcribing agency BD-RjUL
Modifying agency BD-RjUL
041 ## - LANGUAGE CODE
Language code of text/sound track or separate title eng
082 ## - DEWEY DECIMAL CLASSIFICATION NUMBER
Edition number 23
Classification number 338.542
Author mark and year DUP 1933
100 11 - MAIN ENTRY--PERSONAL NAME
Personal name Durbin, E. F. M.
9 (RLIN) 138501
245 10 - TITLE STATEMENT
Title Purchasing power and trade depression a critique of under-consumption theories ;
Statement of responsibility, etc. E. F. M.Durbin
260 ## - PUBLICATION, DISTRIBUTION, ETC. (IMPRINT)
Place of publication, distribution, etc. London :
Name of publisher, distributor, etc. Jonathan cape,
Date of publication, distribution, etc. 1933
300 ## - PHYSICAL DESCRIPTION
Pagination 198 p. ;
Size 20 cm.
500 ## - GENERAL NOTE
General note Include index
650 ## - SUBJECT ADDED ENTRY--TOPICAL TERM
Topical term or geographic name as entry element Business cycles
9 (RLIN) 142630
942 ## - ADDED ENTRY ELEMENTS (KOHA)
Source of classification or shelving scheme Dewey Decimal Classification
Koha item type Books
Holdings
Lost status Source of classification or shelving scheme Damaged status Not for loan Collection code Permanent Location Current Location Shelving location Date acquired Source of acquisition Cost, normal purchase price Total Checkouts Full call number Date last seen Copy number Koha item type
  Dewey Decimal Classification     Non-fiction Central Library, University of Rajshahi Central Library, University of Rajshahi   26/08/1961 Dr. A.G quraishi 10.06   338.542 DUP 1933 04/08/2016 C-2 Books